[Event "GER-ch Net blitz qual5"]
[Site "Playchess.com INT"]
[Date "2020.03.28"]
[Round "6"]
[White "Bach, Markus"]
[Black "Perestjuk, Marko"]
[Result "1-0"]
[WhiteElo "2195"]
[BlackElo "2126"]
[PlyCount "47"]
[EventDate "2020.03.28"]
[EventType "swiss (blitz)"]
[EventRounds "13"]
[EventCountry "GER"]
[SourceTitle "CBM 195 Extra"]
[Source "ChessBase"]
[SourceDate "2020.05.31"]
[SourceVersion "1"]
[SourceVersionDate "2020.05.31"]
[SourceQuality "1"]

1. d4 Nf6 2. Nf3 e6 3. g3 b6 4. Bg2 Bb7 5. 0-0 c5 6. c4 cxd4 7. Qxd4 Nc6 8. Qd2 Be7 9. Nc3 a6 10. b3 d6 11. Bb2 Qc7 12. Rac1 0-0 13. Nd5 exd5 14. cxd5 Qd7 15. dxc6 Bxc6 16. Rfd1 Rfd8 17. Rxc6 Qxc6 18. Nd4 Qc5 19. Bxa8 Rxa8 20. Rc1 Qd5 21. Qf4 Ne4 22. Nf5 Bf6 23. Bxf6 gxf6 24. Ne7+ 1-0

[Event "GER-ch Net blitz qual5"]
[Site "Playchess.com INT"]
[Date "2020.03.28"]
[Round "4"]
[White "Bach, Markus"]
[Black "Schirrmacher, Carsten"]
[Result "1/2-1/2"]
[WhiteElo "2195"]
[BlackElo "2102"]
[PlyCount "73"]
[EventDate "2020.03.28"]
[EventType "swiss (blitz)"]
[EventRounds "13"]
[EventCountry "GER"]
[SourceTitle "CBM 195 Extra"]
[Source "ChessBase"]
[SourceDate "2020.05.31"]
[SourceVersion "1"]
[SourceVersionDate "2020.05.31"]
[SourceQuality "1"]

1. d4 d5 2. Bg5 c6 3. e3 Bf5 4. Nd2 Nd7 5. Ngf3 Ngf6 6. Be2 e6 7. 0-0 Be7 8. c4 0-0 9. Qb3 Qc8 10. h3 a6 11. Rac1 Re8 12. Bf4 Ra7 13. a4 Qd8 14. Rfd1 Ne4 15. Nxe4 Bxe4 16. Nd2 Nf6 17. Nxe4 Nxe4 18. f3 Nd6 19. e4 dxc4 20. Bxc4 Nxc4 21. Qxc4 Qa5 22. b3 Raa8 23. Bd2 Qh5 24. Bb4 Bg5 25. Bd2 Bxd2 26. Rxd2 Rac8 27. b4 Qg5 28. Rcd1 Red8 29. Kf2 h5 30. g3 h4 31. gxh4 Qxh4+ 32. Kg2 e5 33. Qc5 Qg5+ 34. Kf2 Qh4+ 35. Kg2 Qg5+ 36. Kf2 Qh4+ 37. Kg2 1/2-1/2

[Event "GER-ch Net blitz qual5"]
[Site "Playchess.com INT"]
[Date "2020.03.28"]
[Round "9"]
[White "Bach, Markus"]
[Black "Spitzl, Vinzent"]
[Result "1/2-1/2"]
[WhiteElo "2195"]
[BlackElo "2344"]
[PlyCount "63"]
[EventDate "2020.03.28"]
[EventType "swiss (blitz)"]
[EventRounds "13"]
[EventCountry "GER"]
[SourceTitle "CBM 195 Extra"]
[Source "ChessBase"]
[SourceDate "2020.05.31"]
[SourceVersion "1"]
[SourceVersionDate "2020.05.31"]
[SourceQuality "1"]

1. d4 d5 2. Bg5 Nf6 3. e3 e6 4. Nd2 Be7 5. Bd3 0-0 6. f4 c5 7. c3 b6 8. Ngf3 Ba6 9. Bc2 Nbd7 10. Ne5 Nxe5 11. dxe5 Nd7 12. Bxe7 Qxe7 13. Qh5 g6 14. Qh3 f6 15. exf6 Rxf6 16. 0-0-0 e5 17. Nf3 Re8 18. Rxd5 Bb5 19. Rhd1 exf4 20. Rxd7 Bxd7 21. Qxd7 fxe3 22. Bb3+ Kg7 23. Qxe7+ Rxe7 24. Re1 Rd6 25. Re2 h6 26. Ne1 Rf6 27. Nf3 g5 28. h3 Rd6 29. Ne1 Rf6 30. Nf3 Rd6 31. Ne1 Rf6 32. Nf3 1/2-1/2

[Event "GER-ch Net blitz qual5"]
[Site "Playchess.com INT"]
[Date "2020.03.28"]
[Round "8"]
[White "Kotyk, Michael"]
[Black "Bach, Markus"]
[Result "0-1"]
[WhiteElo "2013"]
[BlackElo "2195"]
[PlyCount "50"]
[EventDate "2020.03.28"]
[EventType "swiss (blitz)"]
[EventRounds "13"]
[EventCountry "GER"]
[SourceTitle "CBM 195 Extra"]
[Source "ChessBase"]
[SourceDate "2020.05.31"]
[SourceVersion "1"]
[SourceVersionDate "2020.05.31"]
[SourceQuality "1"]

1. Nf3 c6 2. b3 d5 3. Bb2 Bg4 4. e3 e6 5. h3 Bxf3 6. Qxf3 Nd7 7. d4 f5 8. g4 g6 9. Nd2 Ngf6 10. Qg2 Bd6 11. Be2 Ne4 12. f3 Qh4+ 13. Kd1 Nf2+ 14. Kc1 Nxh1 15. Qxh1 Qf2 16. Qf1 Qxe3 17. a3 Bf4 18. Qd1 fxg4 19. fxg4 0-0-0 20. Bd3 Rhe8 21. Qe2 e5 22. dxe5 Nxe5 23. Ba6 Qxd2+ 24. Qxd2 Bxd2+ 25. Kxd2 bxa6 0-1

[Event "GER-ch Net blitz qual4"]
[Site "Playchess.com INT"]
[Date "2020.03.23"]
[Round "7"]
[White "Bach, Markus"]
[Black "Hein, Ralf"]
[Result "1-0"]
[WhiteElo "2195"]
[BlackElo "2053"]
[PlyCount "71"]
[EventDate "2020.03.23"]
[EventType "swiss (blitz)"]
[EventRounds "9"]
[EventCountry "GER"]
[SourceTitle "CBM 195 Extra"]
[Source "ChessBase"]
[SourceDate "2020.05.31"]
[SourceVersion "1"]
[SourceVersionDate "2020.05.31"]
[SourceQuality "1"]

1. d4 Nf6 2. Bg5 Ne4 3. Nf3 Nxg5 4. Nxg5 e5 5. Nf3 e4 6. Nfd2 d5 7. e3 Bd6 8. c4 c6 9. Nc3 Be6 10. Qb3 Qc7 11. cxd5 Bf5 12. Ndxe4 0-0 13. Nxd6 Qxd6 14. Be2 Nd7 15. 0-0 Nf6 16. Bf3 Bg4 17. Bxg4 Nxg4 18. g3 Nf6 19. dxc6 bxc6 20. Qc2 Rab8 21. b3 Qe6 22. Rfd1 Qh3 23. f3 h5 24. Qg2 Qe6 25. Re1 Rfd8 26. Rad1 h4 27. gxh4 a5 28. Qg5 Nd5 29. Nxd5 cxd5 30. Qg4 Qf6 31. Rd2 a4 32. bxa4 Rb4 33. Rg2 Rxa4 34. Qg5 Qxg5 35. hxg5 Rxa2 36. Rxa2 1-0

[Event "GER-ch Net blitz qual4"]
[Site "Playchess.com INT"]
[Date "2020.03.23"]
[Round "1"]
[White "Bach, Markus"]
[Black "Homfeldt, Christopher"]
[Result "1-0"]
[WhiteElo "2195"]
[BlackElo "1824"]
[PlyCount "41"]
[EventDate "2020.03.23"]
[EventType "swiss (blitz)"]
[EventRounds "9"]
[EventCountry "GER"]
[SourceTitle "CBM 195 Extra"]
[Source "ChessBase"]
[SourceDate "2020.05.31"]
[SourceVersion "1"]
[SourceVersionDate "2020.05.31"]
[SourceQuality "1"]

1. d4 Nf6 2. c4 e6 3. Nf3 d5 4. g3 Be7 5. Bg2 0-0 6. 0-0 dxc4 7. Na3 a6 8. Nxc4 b5 9. Nce5 Bb7 10. Bg5 Nbd7 11. Rc1 Nxe5 12. dxe5 Ne4 13. Bxe7 Qxe7 14. Qc2 Rac8 15. Nd2 Nxd2 16. Qxd2 Bxg2 17. Kxg2 c5 18. Qa5 Qb7+ 19. Kg1 Rfd8 20. Rfd1 h6 21. Rxd8+ 1-0

[Event "GER-ch Net blitz qual4"]
[Site "Playchess.com INT"]
[Date "2020.03.23"]
[Round "2"]
[White "Berndt, Joachim"]
[Black "Bach, Markus"]
[Result "1/2-1/2"]
[WhiteElo "2081"]
[BlackElo "2195"]
[PlyCount "91"]
[EventDate "2020.03.23"]
[EventType "swiss (blitz)"]
[EventRounds "9"]
[EventCountry "GER"]
[SourceTitle "CBM 195 Extra"]
[Source "ChessBase"]
[SourceDate "2020.05.31"]
[SourceVersion "1"]
[SourceVersionDate "2020.05.31"]
[SourceQuality "1"]

1. e4 c6 2. d4 d5 3. Nc3 g6 4. Nf3 Bg7 5. h3 Nf6 6. Bd3 dxe4 7. Nxe4 Nbd7 8. 0-0 0-0 9. Nxf6+ Nxf6 10. c3 Qa5 11. Re1 Re8 12. Ne5 Be6 13. Bf4 Rad8 14. Qe2 Nd7 15. b4 Qb6 16. a4 Nxe5 17. Bxe5 Bxe5 18. Qxe5 Rd5 19. Qe3 Bf5 20. a5 Qd8 21. Bc4 Rd6 22. g4 Be6 23. Bxe6 Rxe6 24. Qf3 Rxe1+ 25. Rxe1 Qd5 26. Qxd5 cxd5 27. Re3 e6 28. Kf1 g5 29. Ke2 Kg7 30. Kd3 Kf6 31. Rf3+ Kg6 32. Re3 Rh8 33. c4 dxc4+ 34. Kxc4 Rc8+ 35. Kb5 Rc2 36. f3 h5 37. a6 bxa6+ 38. Kxa6 Ra2+ 39. Kb5 h4 40. Kc5 Kf6 41. b5 Ra4 42. Rd3 Kg6 43. Kc6 Kf6 44. Kc5 Kg6 45. Kc6 Kf6 46. Kc5 1/2-1/2

[Event "GER-ch Net blitz qual3"]
[Site "Playchess.com INT"]
[Date "2020.03.21"]
[Round "8"]
[White "Bach, Markus"]
[Black "Grewenig, Rolf"]
[Result "1-0"]
[WhiteElo "2195"]
[BlackElo "2039"]
[PlyCount "39"]
[EventDate "2020.03.21"]
[EventType "swiss (blitz)"]
[EventRounds "9"]
[EventCountry "GER"]
[SourceTitle "CBM 195 Extra"]
[Source "ChessBase"]
[SourceDate "2020.05.31"]
[SourceVersion "1"]
[SourceVersionDate "2020.05.31"]
[SourceQuality "1"]

1. d4 d5 2. Bg5 Nf6 3. e3 g6 4. Nd2 Bg7 5. Bd3 0-0 6. f4 c6 7. Ngf3 Nbd7 8. 0-0 h6 9. Bh4 Kh7 10. Ne5 Nxe5 11. fxe5 Ne8 12. c4 Nc7 13. Qc2 Ne6 14. Rf2 c5 15. Raf1 cxd4 16. Rxf7 dxe3 17. Bxg6+ Kh8 18. Bxe7 Qb6 19. c5 Nxc5 20. Bxc5 1-0

[Event "GER-ch Net blitz qual3"]
[Site "Playchess.com INT"]
[Date "2020.03.21"]
[Round "5"]
[White "Hartung, Thomas"]
[Black "Bach, Markus"]
[Result "1-0"]
[WhiteElo "2044"]
[BlackElo "2195"]
[PlyCount "77"]
[EventDate "2020.03.21"]
[EventType "swiss (blitz)"]
[EventRounds "9"]
[EventCountry "GER"]
[SourceTitle "CBM 195 Extra"]
[Source "ChessBase"]
[SourceDate "2020.05.31"]
[SourceVersion "1"]
[SourceVersionDate "2020.05.31"]
[SourceQuality "1"]

1. e4 c6 2. d4 d5 3. f3 e5 4. dxe5 Bc5 5. Nc3 Qb6 6. Na4 Bf2+ 7. Ke2 Qd4 8. Qxd4 Bxd4 9. f4 dxe4 10. Be3 Bxe3 11. Kxe3 f5 12. Ne2 Ne7 13. Nac3 Nd7 14. g4 0-0 15. Bh3 fxg4 16. Bxg4 Nd5+ 17. Nxd5 cxd5 18. Be6+ Kh8 19. Bxd5 Nc5 20. b4 Na6 21. a3 Nc7 22. c4 Bg4 23. Ng3 Bf3 24. Rhf1 Rad8 25. Bxe4 Bxe4 26. Nxe4 Ne6 27. f5 Nd4 28. Rad1 Nc2+ 29. Ke2 Nxa3 30. Rxd8 Rxd8 31. Nd6 b6 32. Nf7+ Kg8 33. Nxd8 Nxc4 34. Nc6 Kf8 35. Nxa7 Ke7 36. Rd1 h5 37. Nc8+ Ke8 38. Rd4 Nxe5 39. Re4 1-0

[Event "GER-ch Net blitz qual3"]
[Site "Playchess.com INT"]
[Date "2020.03.21"]
[Round "9"]
[White "Lerch, Martin Erik"]
[Black "Bach, Markus"]
[Result "1-0"]
[WhiteElo "1795"]
[BlackElo "2195"]
[PlyCount "59"]
[EventDate "2020.03.21"]
[EventType "swiss (blitz)"]
[EventRounds "9"]
[EventCountry "GER"]
[SourceTitle "CBM 195 Extra"]
[Source "ChessBase"]
[SourceDate "2020.05.31"]
[SourceVersion "1"]
[SourceVersionDate "2020.05.31"]
[SourceQuality "1"]

1. e4 c6 2. d4 d5 3. exd5 cxd5 4. Bd3 Nc6 5. c3 Qc7 6. Qf3 Nxd4 7. Qxd5 e5 8. Na3 Nf6 9. Bb5+ Nxb5 10. Qxb5+ Bd7 11. Qb3 Bc5 12. Nf3 0-0 13. 0-0 a6 14. Bg5 Ne4 15. Bh4 Be6 16. Qc2 Bf5 17. Qe2 Bxa3 18. bxa3 Qxc3 19. Rac1 Qxa3 20. Nxe5 Rfe8 21. Nc4 Qf8 22. Qf3 Bg6 23. Rfd1 b5 24. Ne3 Ra7 25. Nd5 Rc8 26. Rxc8 Qxc8 27. Ne7+ Rxe7 28. Bxe7 h6 29. Rd8+ Qxd8 30. Bxd8 1-0

[Event "Berlin Lichtenrade op 10th"]
[Site "Berlin"]
[Date "2014.10.24"]
[Round "7"]
[White "Bach, Markus"]
[Black "Lerch, Philipp"]
[Result "0-1"]
[WhiteElo "2087"]
[BlackElo "2297"]
[PlyCount "116"]
[EventDate "2014.10.18"]
[EventType "swiss"]
[EventRounds "9"]
[EventCountry "GER"]
[SourceTitle "EXT 2015"]
[Source "ChessBase"]
[SourceDate "2014.11.20"]
[SourceVersion "1"]
[SourceVersionDate "2014.11.20"]
[SourceQuality "1"]

1. g3 e5 2. Bg2 Nc6 3. c3 Nge7 4. d4 d6 5. Nf3 g6 6. dxe5 dxe5 7. Qxd8+ Kxd8 8. Na3 f6 9. 0-0 Be6 10. Rd1+ Ke8 11. e4 a6 12. b3 Nc8 13. Ne1 Nd6 14. Nec2 Nb5 15. Bb2 Nb8 16. Bf1 c6 17. Kg2 Bc5 18. Nc4 Ke7 19. b4 Ba7 20. a4 Bxc4 21. Bxc4 Nd6 22. Bd3 Nd7 23. a5 Rhd8 24. Ne3 Bxe3 25. fxe3 c5 26. Ba3 Rac8 27. Rac1 Ke6 28. Bb1 cxb4 29. cxb4 Rxc1 30. Rxc1 Nb5 31. Bb2 Nb8 32. Ba2+ Ke7 33. Bd5 Nc6 34. Kf3 Nxb4 35. Bxb7 Rb8 36. Bc6 Nd3 37. Bxb5 Nxc1 38. Ba3+ Kd8 39. Bxa6 Nb3 40. Bd6 Ra8 41. Bb7 Rxa5 42. Bd5 Nc5 43. Bg8 Nb7 44. Bb4 Ra4 45. Bf8 Ke8 46. Bg7 Ke7 47. g4 Nd6 48. g5 Nxe4 49. h4 fxg5 50. Bxe5 gxh4 51. Bd4 Rxd4 52. exd4 Nf6 53. Bc4 g5 54. Bb3 Kd6 55. Bc4 h5 56. Bb3 g4+ 57. Kg2 Nd5 58. Kh2 Nf4 0-1

[Event "Berlin Lichtenrade op 10th"]
[Site "Berlin"]
[Date "2014.10.21"]
[Round "4"]
[White "Bach, Markus"]
[Black "Parligras, Cosmin"]
[Result "0-1"]
[WhiteElo "2087"]
[BlackElo "2261"]
[PlyCount "80"]
[EventDate "2014.10.18"]
[EventType "swiss"]
[EventRounds "9"]
[EventCountry "GER"]
[SourceTitle "EXT 2015"]
[Source "ChessBase"]
[SourceDate "2014.11.20"]
[SourceVersion "1"]
[SourceVersionDate "2014.11.20"]
[SourceQuality "1"]

1. d4 d5 2. Nf3 Nf6 3. Bf4 c5 4. c3 e6 5. e3 Nc6 6. Nbd2 Bd6 7. Bg3 Bxg3 8. hxg3 Qd6 9. Bd3 e5 10. dxe5 Nxe5 11. Nxe5 Qxe5 12. Bb5+ Kf8 13. Nf3 Qe7 14. Qe2 g6 15. Bd3 Kg7 16. c4 Bg4 17. cxd5 Nxd5 18. a3 a6 19. e4 Nc7 20. Qe3 h6 21. Ng1 Rad8 22. Rc1 Qe5 23. Be2 Bxe2 24. Nxe2 Qxb2 25. Rxc5 Nb5 26. 0-0 Qxa3 27. Qxa3 Nxa3 28. Rc7 Rb8 29. Nd4 Rhc8 30. Rfc1 Rxc7 31. Rxc7 b5 32. Nc6 Rb6 33. e5 a5 34. e6 Rxc6 35. Rxc6 fxe6 36. Rxe6 b4 37. Kf1 b3 38. Rb6 a4 39. Ke1 Nc4 40. Rb7+ Kf6 0-1

[Event "GER-ch Net qual2 U25"]
[Site "Playchess.com INT"]
[Date "2012.09.05"]
[Round "5"]
[White "Andok, Claus Michael"]
[Black "Bach, Markus"]
[Result "1-0"]
[WhiteElo "2116"]
[BlackElo "2024"]
[PlyCount "45"]
[EventDate "2012.09.05"]
[EventType "swiss (blitz)"]
[EventRounds "7"]
[EventCountry "GER"]
[SourceTitle "CBM 150 Extra"]
[Source "ChessBase"]
[SourceDate "2012.10.19"]
[SourceVersion "1"]
[SourceVersionDate "2012.10.19"]
[SourceQuality "1"]

1. e4 e5 2. Nf3 Nc6 3. Bb5 Bc5 4. c3 Qf6 5. d4 exd4 6. e5 Qg6 7. cxd4 Bb4+ 8. Nc3 d5 9. 0-0 Nge7 10. Ne2 Bg4 11. Nf4 Qe4 12. a3 Ba5 13. b4 Bb6 14. Bd3 Bxf3 15. Qd2 Nxd4 16. Bxe4 Bxe4 17. Ra2 0-0 18. Bb2 Ne6 19. Nxe6 fxe6 20. Bd4 Ng6 21. Bxb6 axb6 22. f3 Bf5 23. g4 1-0

[Event "GER-ch Net qual2 U25"]
[Site "Playchess.com INT"]
[Date "2011.05.04"]
[Round "3"]
[White "Bach, Markus"]
[Black "Siebarth, Raiko"]
[Result "0-1"]
[WhiteElo "2068"]
[BlackElo "2388"]
[PlyCount "72"]
[EventDate "2011.05.04"]
[EventType "swiss (blitz)"]
[EventRounds "7"]
[EventCountry "GER"]
[SourceTitle "CBM 142 Extra"]
[Source "ChessBase"]
[SourceDate "2011.06.27"]
[SourceVersion "1"]
[SourceVersionDate "2011.06.27"]
[SourceQuality "1"]

1. d4 Nf6 2. Bg5 e6 3. e3 h6 4. Bh4 g5 5. Bg3 d6 6. Nf3 Nbd7 7. c4 Bg7 8. Bd3 0-0 9. Nbd2 b6 10. h4 g4 11. Nh2 e5 12. Nxg4 exd4 13. Nxf6+ Nxf6 14. exd4 Re8+ 15. Kf1 Ng4 16. Nf3 Qf6 17. Qd2 Bb7 18. d5 Qxb2 19. Qxb2 Bxb2 20. Rb1 Bc3 21. Nh2 Nf6 22. f3 Ba6 23. Bf2 Nxd5 24. Ng4 Kg7 25. Rb3 Nf4 26. Rxc3 Nxd3 27. Bd4+ Ne5 28. Nxe5 dxe5 29. Be3 e4 30. f4 c5 31. g4 Rad8 32. Ke2 Rd3 33. Rhc1 Red8 34. f5 f6 35. R1c2 Bc8 36. Rxd3 exd3+ 0-1

[Event "GER-ch Net qual2 U25"]
[Site "Playchess.com INT"]
[Date "2011.05.04"]
[Round "5"]
[White "Bach, Markus"]
[Black "Tkachuk, Konstantyn"]
[Result "0-1"]
[WhiteElo "2068"]
[BlackElo "2063"]
[PlyCount "126"]
[EventDate "2011.05.04"]
[EventType "swiss (blitz)"]
[EventRounds "7"]
[EventCountry "GER"]
[SourceTitle "CBM 142 Extra"]
[Source "ChessBase"]
[SourceDate "2011.06.27"]
[SourceVersion "1"]
[SourceVersionDate "2011.06.27"]
[SourceQuality "1"]

1. d4 Nf6 2. Bg5 Ne4 3. Bh4 d5 4. f3 Nd6 5. e3 c6 6. Nd2 h6 7. f4 Bf5 8. Ngf3 Be4 9. Nxe4 Nxe4 10. Bd3 Nd6 11. 0-0 Nd7 12. Qe2 Qc7 13. c3 0-0-0 14. Ne5 Nf6 15. c4 dxc4 16. Bxc4 e6 17. Rac1 Be7 18. b4 Kb8 19. Bd3 Nfe4 20. Bxe7 Qxe7 21. b5 cxb5 22. Bxb5 Rc8 23. Qb2 Ka8 24. Bd3 Rhd8 25. Rxc8+ Rxc8 26. Rc1 Nf6 27. Rxc8+ Nxc8 28. Qc2 Kb8 29. Bb5 Qb4 30. Bf1 Nd6 31. Nd3 Qc4 32. Qxc4 Nxc4 33. Nc5 Nxe3 34. Bd3 b6 35. Nb3 Nfd5 36. g3 Kc7 37. Kf2 Kd6 38. Kf3 f5 39. h3 Nd1 40. g4 g6 41. Nd2 Nb2 42. Bc2 b5 43. h4 h5 44. gxh5 gxh5 45. Bb3 a5 46. Nf1 Nf6 47. Ng3 a4 48. Bc2 Nc4 49. Ke2 Kd5 50. Kd3 Nd6 51. Bb1 Nfe4 52. Nxh5 Nf2+ 53. Ke2 Nfe4 54. Nf6+ Nxf6 55. h5 Nxh5 56. Kd3 Nf6 57. Kc3 Nfe4+ 58. Kb4 Kxd4 59. a3 Nd2 60. Bc2 N2c4 61. Bd1 Ke3 62. Kc5 Kxf4 63. Be2 e5 0-1

[Event "GER-ch Net qual2 U25"]
[Site "Playchess.com INT"]
[Date "2011.05.04"]
[Round "4"]
[White "Laubert, Johannes"]
[Black "Bach, Markus"]
[Result "1-0"]
[WhiteElo "2306"]
[BlackElo "2068"]
[PlyCount "101"]
[EventDate "2011.05.04"]
[EventType "swiss (blitz)"]
[EventRounds "7"]
[EventCountry "GER"]
[SourceTitle "CBM 142 Extra"]
[Source "ChessBase"]
[SourceDate "2011.06.27"]
[SourceVersion "1"]
[SourceVersionDate "2011.06.27"]
[SourceQuality "1"]

1. e4 c6 2. Nf3 d5 3. Nc3 dxe4 4. Nxe4 Nf6 5. Ng3 Bg4 6. h3 Bxf3 7. Qxf3 e6 8. c3 Nbd7 9. d4 Bd6 10. Bf4 Qc7 11. Bxd6 Qxd6 12. Bc4 e5 13. Nf5 Qf8 14. 0-0-0 0-0-0 15. Qg3 g6 16. dxe5 Nh5 17. Nd6+ Qxd6 18. exd6 Nxg3 19. fxg3 Ne5 20. Bb3 Kd7 21. Rhe1 Rde8 22. Kc2 c5 23. Rd5 f6 24. Rxc5 Nc6 25. Rd1 Re2+ 26. Rd2 Rxd2+ 27. Kxd2 Kxd6 28. Rd5+ Kc7 29. g4 Re8 30. Ba4 Re7 31. Bxc6 Kxc6 32. Rd3 b5 33. Rf3 Re6 34. Rf2 a5 35. Kd3 a4 36. b3 a3 37. b4 Kd5 38. Rd2 Re4 39. Rf2 Re6 40. Kc2 Kc4 41. Rf4+ Kd5 42. Kb3 Ra6 43. Rd4+ Ke5 44. Rd7 h5 45. gxh5 gxh5 46. Rh7 Rd6 47. Rxh5+ Kf4 48. Rh6 Rd2 49. Rxf6+ Kg5 50. Rf8 Rxg2 51. Rg8+ 1-0

[Event "Karlovy Vary op"]
[Site "Karlovy Vary"]
[Date "2009.05.03"]
[Round "7"]
[White "Bach, Markus"]
[Black "Rajnys, Vladimir"]
[Result "1/2-1/2"]
[WhiteElo "1963"]
[BlackElo "2091"]
[PlyCount "46"]
[EventDate "2009.04.29"]
[EventType "swiss"]
[EventRounds "7"]
[EventCountry "CZE"]
[SourceTitle "CBM 130 Extra"]
[Source "ChessBase"]
[SourceDate "2009.07.02"]
[SourceVersion "2"]
[SourceVersionDate "2009.07.15"]
[SourceQuality "1"]

1. d4 Nf6 2. Bg5 e6 3. e3 d5 4. Nd2 b6 5. Bd3 Ba6 6. Qe2 Bxd3 7. Qxd3 Be7 8. f4 Nbd7 9. Ngf3 c5 10. c3 Qc7 11. 0-0 h6 12. Bh4 0-0 13. Ne5 Rfe8 14. Rf3 Nh5 15. Bxe7 Rxe7 16. g4 Nhf6 17. Rg3 Nf8 18. Rf1 N6d7 19. Ndf3 f6 20. Ng6 Nxg6 21. Qxg6 cxd4 22. Nxd4 Nf8 23. Qc2 g6 1/2-1/2

[Event "Karlovy Vary op"]
[Site "Karlovy Vary"]
[Date "2009.05.02"]
[Round "6"]
[White "Ilandzis, Spyridon"]
[Black "Bach, Markus"]
[Result "1/2-1/2"]
[WhiteElo "2218"]
[BlackElo "1963"]
[PlyCount "83"]
[EventDate "2009.04.29"]
[EventType "swiss"]
[EventRounds "7"]
[EventCountry "CZE"]
[SourceTitle "CBM 130 Extra"]
[Source "ChessBase"]
[SourceDate "2009.07.02"]
[SourceVersion "2"]
[SourceVersionDate "2009.07.15"]
[SourceQuality "1"]

1. d4 d5 2. c4 c6 3. Nf3 Nf6 4. e3 a6 5. Qc2 e6 6. Nbd2 Nbd7 7. b3 Be7 8. Bb2 0-0 9. Bd3 h6 10. 0-0 c5 11. cxd5 Nxd5 12. a3 b5 13. Ne4 cxd4 14. Bxd4 Bb7 15. Rfd1 Qe8 16. Qb2 f6 17. Nc3 e5 18. Nxd5 Bxd5 19. Bc3 Qf7 20. Nh4 e4 21. Bxe4 Bxe4 22. Rxd7 Qe6 23. Rad1 Bc6 24. R7d2 Qg4 25. Rd4 Rad8 26. Qc1 Qh5 27. Bb4 Rxd4 28. Rxd4 Bxb4 29. axb4 Bb7 30. Qd2 Re8 31. g3 Be4 32. f4 f5 33. Rd7 Rc8 34. Rd8+ Rxd8 35. Qxd8+ Kh7 36. Kf2 Qf7 37. Qd1 Qf6 38. Nf3 Qb2+ 39. Qe2 Qa1 40. Ng5+ hxg5 41. Qh5+ Kg8 42. Qe8+ 1/2-1/2

[Event "Schneeberg op"]
[Site "Schneeberg"]
[Date "2009.03.13"]
[Round "7"]
[White "Eichner, Christian"]
[Black "Bach, Markus"]
[Result "1/2-1/2"]
[WhiteElo "2161"]
[BlackElo "1959"]
[PlyCount "58"]
[EventDate "2009.03.09"]
[EventType "swiss"]
[EventRounds "7"]
[EventCountry "GER"]
[SourceTitle "EXT 2010"]
[Source "ChessBase"]
[SourceDate "2010.11.25"]
[SourceVersion "1"]
[SourceVersionDate "2010.11.25"]
[SourceQuality "1"]

1. e4 e5 2. Bc4 Nf6 3. d4 Nxe4 4. dxe5 d6 5. Bxf7+ Kxf7 6. Qd5+ Be6 7. Qxe4 Nc6 8. Nf3 Be7 9. 0-0 Nxe5 10. Qxb7 Re8 11. Nc3 Nxf3+ 12. Qxf3+ Kg8 13. Nd5 Bf8 14. Bd2 c6 15. Nb4 Rc8 16. Rfe1 Qb6 17. b3 a5 18. Nd3 Bf7 19. Qf5 Qb5 20. Qxb5 cxb5 21. Bxa5 Rxc2 22. Rxe8 Bxe8 23. a4 bxa4 24. bxa4 Rc4 25. Nb2 Rc2 26. Nd1 Rc4 27. Nc3 g6 28. Nd1 Rxa4 29. Rxa4 Bxa4 1/2-1/2

[Event "Schneeberg op"]
[Site "Schneeberg"]
[Date "2009.03.10"]
[Round "2"]
[White "Bach, Markus"]
[Black "Bennewitz, Ralph"]
[Result "1-0"]
[WhiteElo "1959"]
[BlackElo "1748"]
[PlyCount "99"]
[EventDate "2009.03.09"]
[EventType "swiss"]
[EventRounds "7"]
[EventCountry "GER"]
[SourceTitle "EXT 2010"]
[Source "ChessBase"]
[SourceDate "2010.11.25"]
[SourceVersion "1"]
[SourceVersionDate "2010.11.25"]
[SourceQuality "1"]

1. d4 Nf6 2. Nf3 d5 3. c4 e6 4. g3 Be7 5. Bg2 0-0 6. 0-0 Nbd7 7. Qc2 dxc4 8. Qxc4 Nb6 9. Qc2 Nfd5 10. Nc3 Bd7 11. e4 Nb4 12. Qe2 c5 13. Be3 cxd4 14. Bxd4 Nc6 15. Be3 Bf6 16. e5 Nxe5 17. Nxe5 Bxe5 18. Bxb6 Qxb6 19. Qxe5 Qxb2 20. Rab1 Qa3 21. Rxb7 Rac8 22. Rxd7 Rxc3 23. Rxa7 Qxa7 24. Qxc3 Qxa2 25. Ra1 Qe2 26. Bf3 Qb5 27. Kg2 h6 28. Ra8 Rxa8 29. Bxa8 Qa6 30. Qc6 Qxc6+ 31. Bxc6 Kf8 32. Kf3 Ke7 33. Ke4 Kd6 34. Ba4 g5 35. g4 f6 36. Bb3 Ke7 37. Bc2 Kd6 38. Kd4 Kc6 39. Bb1 Kd6 40. Be4 Ke7 41. Kc5 f5 42. gxf5 exf5 43. Bxf5 Kf6 44. Bg4 Kg6 45. Kd5 h5 46. Bc8 g4 47. Ke4 Kg5 48. h3 gxh3 49. Bxh3 Kf6 50. Kf4 1-0

[Event "Leutersdorf Sparkasse op 13th"]
[Site "Leutersdorf"]
[Date "2009.02.13"]
[Round "1"]
[White "Tschoerner, Walter"]
[Black "Bach, Markus"]
[Result "0-1"]
[WhiteElo "1439"]
[BlackElo "1959"]
[PlyCount "98"]
[EventDate "2009.02.13"]
[EventType "swiss"]
[EventRounds "7"]
[EventCountry "GER"]
[SourceTitle "CBM 128 Extra"]
[Source "ChessBase"]
[SourceDate "2009.03.05"]
[SourceVersion "2"]
[SourceVersionDate "2009.03.25"]
[SourceQuality "1"]

1. Nf3 d5 2. c4 e6 3. g3 Nf6 4. Bg2 Be7 5. 0-0 0-0 6. b3 b6 7. Bb2 Bb7 8. Ne5 c5 9. Qc2 Nc6 10. f4 Qc7 11. Nxc6 Bxc6 12. Be5 Qb7 13. cxd5 exd5 14. h3 Nd7 15. Bb2 d4 16. Bxc6 Qxc6 17. Bxd4 Qh6 18. Qf5 cxd4 19. Qxd7 Bc5 20. Kg2 Rae8 21. Rf2 Qf6 22. d3 Re7 23. Qg4 Qc6+ 24. Kh2 f5 25. Qh5 g6 26. Qf3 Qxf3 27. exf3 Re1 28. a3 Bxa3 29. Rxa3 Rxb1 30. Ra4 Rxb3 31. Rxd4 Rf7 32. g4 a5 33. Rd2 Ra7 34. Ra2 b5 35. Kg3 a4 36. Rd8+ Kf7 37. d4 a3 38. Rh8 Kg7 39. Re8 Rb2 40. Ra1 a2 41. Ree1 Rd2 42. d5 b4 43. d6 Rxd6 44. Re2 b3 45. Rb2 Rd3 46. g5 Rad7 47. Re2 Rd1 48. Re7+ Rxe7 49. Rxd1 b2 0-1